00760nam0a22002051 4500001001500000005001700015035002600032100004100058101000800099102000700107105001800114200027700132210002100409215001100430702002600441801001800467801002200485801002700507852002000534v19\rc\193284720251118180741.8 a(NLR Aleph) 005017843 a20080404d1912 u y0rusy50 ca0 arus aRU ay z |||||1 aУстав Ссудо-сберегательной и взаимопомощи кассы служащих и рабочих товарищества Рождественской мануфактуры П.В. Берг в г. Твериe[Утв. 11 сент. 1912 г.] aТверьd1912 a32 с. 1aБергbП.В.4570 0aRUbNLRgpsbo 0aRUbRuMoRGB2psbo 1aRUbProSoft-M2rusmarc aNLRj43.16.9.73